Records of the Zoological Survey of India. (Record no. 87757)
[ view plain ]
| 000 -LEADER | |
|---|---|
| fixed length control field | 01451cas a2200421 a 4500 |
| 001 - CONTROL NUMBER | |
| control field | 11325397 |
| 005 - DATE AND TIME OF LATEST TRANSACTION | |
| control field | 20140811105250.0 |
| 007 - PHYSICAL DESCRIPTION FIXED FIELD--GENERAL INFORMATION | |
| fixed length control field | t| |
| 008 - FIXED-LENGTH DATA ELEMENTS--GENERAL INFORMATION | |
| fixed length control field | 751101c19639999ii qx f0 a0eng c |
| 010 ## - LIBRARY OF CONGRESS CONTROL NUMBER | |
| LC control number | 87640093 |
| Canceled/invalid LC control number | sn 86009485 |
| 022 ## - INTERNATIONAL STANDARD SERIAL NUMBER | |
| International Standard Serial Number | 0375-1511 |
| Source | z |
| 030 ## - CODEN DESIGNATION | |
| CODEN | RZSIA2 |
| 035 ## - SYSTEM CONTROL NUMBER | |
| System control number | (OCoLC)ocm01776039 |
| 040 ## - CATALOGING SOURCE | |
| Original cataloging agency | MnMULS |
| Language of cataloging | eng |
| Transcribing agency | MnMULS |
| Modifying agency | NIC |
| -- | DI |
| -- | MH |
| -- | AIP |
| -- | DLC |
| -- | FU |
| -- | NST |
| -- | OCoLC |
| -- | WaU |
| -- | DLC |
| -- | OCoLC |
| 042 ## - AUTHENTICATION CODE | |
| Authentication code | nsdp |
| -- | pcc |
| 043 ## - GEOGRAPHIC AREA CODE | |
| Geographic area code | a-ii--- |
| 050 00 - LIBRARY OF CONGRESS CALL NUMBER | |
| Classification number | QL1 |
| Item number | .I3 |
| 082 00 - DEWEY DECIMAL CLASSIFICATION NUMBER | |
| Classification number | 591.05 |
| Edition number | 19 |
| 210 0# - ABBREVIATED TITLE | |
| Abbreviated title | Rec. Zool. Surv. India |
| 222 #0 - KEY TITLE | |
| Key title | Records of the Zoological Survey of India |
| 245 00 - TITLE STATEMENT | |
| Title | Records of the Zoological Survey of India. |
| 246 18 - VARYING FORM OF TITLE | |
| Title proper/short title | India records, a journal of Indian zoology |
| Date or sequential designation | <1963> |
| 260 ## - PUBLICATION, DISTRIBUTION, ETC. (IMPRINT) | |
| Place of publication, distribution, etc | Calcutta : |
| Name of publisher, distributor, etc | Zoological Survey of India, |
| Date of publication, distribution, etc | 1968- |
| 300 ## - PHYSICAL DESCRIPTION | |
| Extent | v. : |
| Other physical details | ill. ; |
| Dimensions | 25-28 cm. |
| 310 ## - CURRENT PUBLICATION FREQUENCY | |
| Current publication frequency | Four no. a year |
| 362 0# - DATES OF PUBLICATION AND/OR SEQUENTIAL DESIGNATION | |
| Dates of publication and/or sequential designation | Vol. 61, pts. 1 & 2 (June 1963)- |
| 515 ## - NUMBERING PECULIARITIES NOTE | |
| Numbering peculiarities note | Some parts issued together. |
| 590 ## - LOCAL NOTE (RLIN) | |
| Local note | SERBIB/SERLOC merged record |
| 650 #0 - SUBJECT ADDED ENTRY--TOPICAL TERM | |
| Topical term or geographic name as entry element | Zoology |
| Form subdivision | Periodicals. |
| 650 #0 - SUBJECT ADDED ENTRY--TOPICAL TERM | |
| Topical term or geographic name as entry element | Animals |
| Geographic subdivision | India |
| Form subdivision | Periodicals. |
| 710 2# - ADDED ENTRY--CORPORATE NAME | |
| Corporate name or jurisdiction name as entry element | Zoological Survey of India. |
| 776 08 - ADDITIONAL PHYSICAL FORM ENTRY | |
| Display text | Online version: |
| Title | Records of the Zoological Survey of India |
| Record control number | (OCoLC)561003017 |
| 780 00 - PRECEDING ENTRY | |
| Title | Records of the Indian Museum |
| Record control number | (OCoLC)1427183 |
| 270 ## - ADDRESS | |
| Address | Director, M-Block, New Alipore |
| City | Kolkata |
| Postal code | 700053 |
| 906 ## - LOCAL DATA ELEMENT F, LDF (RLIN) | |
| a | 7 |
| b | cbc |
| c | serials |
| d | 3 |
| e | ncip |
| f | 19 |
| g | n-oclcserc |
| 942 ## - ADDED ENTRY ELEMENTS (KOHA) | |
| Source of classification or shelving scheme | Dewey Decimal Classification |
| Item type | Periodicals |
| Serial record | 1 |
| Withdrawn status | Lost status | Source of classification or shelving scheme | Damaged status | Not for loan | Collection code | Home library | Current library | Date acquired | Total Checkouts | Date last seen | Price effective from | Koha item type |
|---|---|---|---|---|---|---|---|---|---|---|---|---|
| Dewey Decimal Classification | Not For Loan | Non-fiction | D.B.Act.Division | D.B.Act.Division | 11/08/2014 | 11/08/2014 | 11/08/2014 | Periodicals |
